Yu-Gi-Oh! ZEXAL - Cartes signatures - Statistiques

Statistiques générales
  • Ce quiz a été pris 43 fois
  • Le résultat moyen est 16 sur 23
Statistiques - réponses
Indice Réponse % Correct
Numéro 32 : Requin Drakonien Ryoga Kamishiro/Shark
100%
Numéro 39 : Utopie Yuma Tsukumo/Astral
97%
Dragon Photon aux Yeux Galactiques Kaito Tenjo
91%
Numéro 6: Atlandis Chronomal III
86%
Numéro 40 : Poupée Truquée de Cordes IV
86%
Numéro 99 : Dragon Utopique Astral
83%
Numéro 9 : Sphère Dyson V
83%
Numéro 69: Emblème Héraldique Tron
74%
Numéro C107 : Néo Dragon Tachyon aux Yeux Galactiques Mizael
71%
Numéro C104 : Mascarade Horreur de l'Ombre Vector
71%
Numéro C105 : Boxeur Indomptable Comète Cestus Arito
66%
Numéro 53 : Heart-eartH Dr. Faker
66%
Papillopérative Photon Droite
63%
Numéro 96 : Brume Sombre Numéro 96
63%
Réseau Numeron Don Thousand
60%
Champion Héroïque - Excalibur Gauche
60%
Zérofyne, Bête des Glaces Rio Kamishiro
60%
Super Cuirassé Canon Ferroviaire Anna Kozuki
57%
Numéro C106 : Main Rouge de Géant Gilag
57%
Espoir Barian CXyz Nash
57%
Numéro C102 : Séraphin Archdémon Dorube
51%
Numéro C103: Ragnafinité Merag
51%
Archiduc Étain Tetsuo Takeda
49%
Aucun quiz correspondant
Distribution des résultats
% des personnes avec chaque résultat
Percentile par nombre de réponses
Votre historique - résultats
Vous n’avez pas pris ce quiz